Statystyki dla Co to za piłkarz

Kliknij tutaj aby rozwiązać quiz!

Ogólne statystyki

  • Ten quiz został rozwiązany 50 razy
  • Średni wynik to 9 z 10

Statystyki odpowiedzi

Odpowiedź% Poprawnych
Ronaldo
100%
Lionel Messi
98%
Robert Lewandowski
98%
Pepe
93%
Ronaldinho
93%
Pedri
91%
Erling Haaland
89%
Joshua Kimmich
82%
Hakim Ziyech
69%
Dayot Upamecano
58%

Rozkład punktacji

Percentyl według liczby udzielonych odpowiedzi

Procent ludzi z każdym wynikiem

Twoja historia wyników

Nie rozwiązałeś tego quizu